000 00328 a2200157 4500
001 68080
020 _a9783126071437
040 _cAnchieta - Pituba
100 _aSchwieger, Bettina
240 1 0 _aKlasse! B1
_ldeu / ger
245 1 0 _aKlasse! B1
300 _a144
362 0 _a2020
650 4 _aLíngua alemã
942 _cBK
999 _c68080
_d68080